| 000 | 00762cam a22002174a 4500 | ||
|---|---|---|---|
| 005 | 20250605164120.0 | ||
| 008 | 250528s ||||||||||||||||||||||||d | ||
| 035 | _a18238 | ||
| 020 | _a131966847 | ||
| 040 |
_aGR-AtMCL _bgre _dGR-AtMCL _eAACR2 |
||
| 245 | 1 | _aData Structures Using Pascal / Second Edition | |
| 250 | _a2nd | ||
| 260 |
_bPrentice Hall, _c1986 |
||
| 300 | _a774 | ||
| 520 | _aPreface, Introduction to Dat Structures, The Stack, Recursion, Queues and Lists, Pascal List Proceessing, Trees, Sorting, Searching, Graphs and Their Applications, Storage Management, Appendix, Bibliography and References, Index. | ||
| 700 | 1 |
_aAugenstein J. Moshe _94522 |
|
| 700 | 1 |
_aTenenbaum Aaron _94523 |
|
| 942 | _cBK | ||
| 999 |
_c3611 _d3611 |
||